Uniendo esfuerzos para el desarrollo: Memoria de reunión final y entrega informes proyecto CATIE-BID /

Kaydedildi:
Detaylı Bibliyografya
Kurumsal yazarlar: Centro Agronómico Tropical de Investigación y Enseñanza, ed
Materyal Türü: Metin
Baskı/Yayın Bilgisi: Turrialba: CATIE
Konular:
Etiketler: Etiketle
Etiket eklenmemiş, İlk siz ekleyin!

MARC

LEADER 00000 a a2200000 04500
001 14182
003
040 |a CRAI/IIS  |c CRAI/IIS 
020 |a 9977-951-14-4  
022 |a 9977-951-14-4  
090 |a 0001 C397u  
110 |a Centro Agronómico Tropical de Investigación y Enseñanza  
245 |a Uniendo esfuerzos para el desarrollo: Memoria de reunión final y entrega informes proyecto CATIE-BID /  |c Centro Agronómico Tropical de Investigación y Enseñanza  
260 |a Turrialba:   |b CATIE  
300 |a 30 páginas  
650 |a GANADO LECHERO  
650 |a INVESTIGACION  
650 |a CONGRESOS  
710 |a ed  
999 |c 17651  |d 17651